书目信息 |
| 题名: |
聊斋志异
|
|
| 作者: | 傅璇总综 主编 | |
| 分册: | ||
| 出版信息: | 陕西 泰山出版社 2005 |
|
| 页数: | 252页 | |
| 开本: | 21cm | |
| 丛书名: | ||
| 单 册: | ||
| 中图分类: | I277.25 | |
| 科图分类: | ||
| 主题词: | 故事--gu shi--中国--作品集 | |
| 电子资源: | ||
| ISBN: | 7-80698-375-9 | |
| 000 | 00742nam0 2200229 450 | |
| 001 | 012006272668 | |
| 005 | 20080918090900.89 | |
| 010 | @a7-80698-375-9@dCNY29.80 | |
| 100 | @a20060831d2005 km y0chiy0120 ea | |
| 101 | 0 | @achi |
| 102 | @aCN@b610000 | |
| 105 | @ay z 000fy | |
| 200 | 1 | @a聊斋志异@Aliao zhai zhi yi@f傅璇总综主编@Ffu xuan zong zong zhu bian |
| 205 | @a第2版 | |
| 210 | @a陕西@c泰山出版社@d2005 | |
| 215 | @a252页@d21cm | |
| 330 | @a本书包括:灵宫,青凤,董生,陆判,江中,霍生,青梅,田攻郎,公孙九娘,画皮,莲香草,赌博,巧娘,狐妾,长治女子,绿衣女子等内容。 | |
| 606 | 0 | @a故事@Agu shi@y中国@j作品集 |
| 690 | @aI277.25@v4 | |
| 701 | 0 | @a傅璇总综@Afu xuan zong zong@4主编 |
| 801 | 0 | @aCN@c20080918 |
| 905 | @dI277.25@eF960 | |
| 聊斋志异/傅璇总综主编.-第2版.-陕西:泰山出版社,2005 |
| 252页;21cm |
| ISBN 7-80698-375-9:CNY29.80 |
| 本书包括:灵宫,青凤,董生,陆判,江中,霍生,青梅,田攻郎,公孙九娘,画皮,莲香草,赌博,巧娘,狐妾,长治女子,绿衣女子等内容。 |
| ● |
| 相关链接 |
|
|
|
正题名:聊斋志异
索取号:I277.25/F960
 
预约/预借
| 序号 | 登录号 | 条形码 | 馆藏地/架位号 | 状态 | 备注 |
| 1 | 678210 | 206782105 | 文学库116/116文学库 12排5列3层/ [索取号:I277.25/F960] | 在馆 | |
| 2 | 678211 | 206782114 | 文学库116/116文学库 12排5列3层/ [索取号:I277.25/F960] | 在馆 | |
| 3 | 678212 | 206782123 | 文学库116/108文学库 56排1列2层/ [索取号:I277.25/F960] | 在馆 |